British poultry science

Detalles Bibliográficos
Formato: Electrónico Revista
Lenguaje:inglés
Publicado: [Abingdon, Oxfordshire] : Carfax International Publishers, [1998]-
Materias:
Acceso en línea:Full text available from Research Library: 05/01/1998 to 09/30/2000

MARC

LEADER 00000nas a2200000 a 4500
001 ssj0007185
003 WaSeSS
005 20200512172242.0
006 m d
007 cr n
008 980717c19609999paubr pss 0 a0eng c
010 |a  2006233341 
015 |a GBA605252  |2 bnb 
016 7 |a 1476081-2  |2 DE-600 
016 7 |a 013357671  |2 Uk 
022 |a 1466-1799  |l 0007-1668  |y 0007-1668 
035 |a (WaSeSS)ssj0007185 
040 |a F#A  |b eng  |c F#A  |d OCL  |d OCLCQ  |d OCL  |d OCLCQ  |d GUA  |d OCLCQ  |d UKMGB  |d OCLCQ  |d OCLCO  |d OCLCQ  |d OCLCF  |d OCLCO  |d OCLCQ  |d WT2  |d NLE  |d OCLCQ  |d AU@  |d VT2  |d SFB  |d OCLCQ  |d FUG  |d CNMTR  |d WaSeSS 
042 |a pcc 
050 1 4 |a SF481 
082 0 4 |a 636.5 
130 0 |a British poultry science (Online) 
210 1 |a Br. poult. sci.  |b (Online) 
222 0 |a British poultry science  |b (Online) 
245 1 0 |a British poultry science  |h [electronic resource]. 
260 |a [Abingdon, Oxfordshire] :  |b Carfax International Publishers,  |c [1998]- 
310 |a Bimonthly,  |b 2004- 
321 |a Five issues yearly,  |b -2003 
362 1 |a Print began with v. 1 (Apr. 1960). 
500 |a Published: [Philadelphia, PA] : Taylor & Francis, <2006-> 
506 |a License restrictions may limit access. 
525 |a Has supplements. 
538 |a Mode of access: World Wide Web. 
588 0 |a Vol. 39, no. 1 (Mar. 1998); title from contents screen (MetaPress, viewed Aug. 31, 2006). 
588 1 |a Vol. 47, no. 4 (Aug. 2006), viewed Aug. 31, 2006. 
650 0 |a Poultry  |v Periodicals. 
650 0 |a Poultry industry  |v Periodicals. 
650 7 |a Poultry.  |2 fast  |0 (OCoLC)fst01073919 
650 7 |a Poultry industry.  |2 fast  |0 (OCoLC)fst01074025 
650 7 |a Poultry Farming.  |2 ebps 
650 7 |a Poultry Industry.  |2 ebps 
655 0 |a Electronic journals. 
776 0 8 |i Print version:  |t British poultry science  |x 0007-1668  |w (DLC)sc 85001040  |w (OCoLC)1537355 
856 4 0 |z Full text available from Research Library: 05/01/1998 to 09/30/2000  |u https://search.proquest.com/publication/33173